| 000 | 00906nam a2200289Ia 4500 | ||
|---|---|---|---|
| 003 | OSt | ||
| 005 | 20221005092559.0 | ||
| 006 | a|||||r|||| 00| 0 | ||
| 007 | ta | ||
| 008 | 221004b |||||||| |||| 00| 0 eng d | ||
| 020 |
_a9780415735247 (hbk) _cUKP 110.00 |
||
| 024 | _a37018 | ||
| 037 |
_b1484, 06/02/2018, Bright Book Service _cTextual |
||
| 040 |
_aCRL _cCRL _beng |
||
| 041 |
_2eng _aeng |
||
| 082 | _aR3, Q6 | ||
| 100 |
_aAltshuler Roman Ed. _9617545 |
||
| 245 | 0 | _aTime and the philosophy of action | |
| 260 |
_aNew York _bRoutledge USA _c2016 |
||
| 300 |
_avi,289p. _ccm. |
||
| 490 | _aRoutledge studies in contemporary philosophy | ||
| 650 | _a PHILOSOPHY | ||
| 650 | _aMETAPHYSICS | ||
| 700 |
_a Sigrist Michael Ed. _9617546 |
||
| 942 |
_hR3, Q6 _cTEXL _2cc |
||
| 999 |
_c999074 _d999074 |
||